UITU Library & LRC     

Linear algebra with applications (Record no. 31556)

MARC details
000 -LEADER
fixed length control field 00386nam a2200157Ia 4500
008 - FIXED-LENGTH DATA ELEMENTS--GENERAL INFORMATION
fixed length control field 250916s9999 xx 000 0 und d
020 ## - INTERNATIONAL STANDARD BOOK NUMBER
International Standard Book Number 9781292354866
082 ## - DEWEY DECIMAL CLASSIFICATION NUMBER
Classification number 512.5 LEO
100 ## - MAIN ENTRY--PERSONAL NAME
Personal name Leon ,Steven.J
245 #0 - TITLE STATEMENT
Title Linear algebra with applications
250 ## - EDITION STATEMENT
Edition statement 10th,ed.
260 ## - PUBLICATION, DISTRIBUTION, ETC.
Place of publication, distribution, etc. Singapur
Name of publisher, distributor, etc. Pearson Education
Date of publication, distribution, etc. 2021
300 ## - PHYSICAL DESCRIPTION
Extent 554
600 ## - SUBJECT ADDED ENTRY--PERSONAL NAME
Personal name Mathematics
942 ## - ADDED ENTRY ELEMENTS (KOHA)
Koha item type Books
Holdings
Withdrawn status Lost status Damaged status Not for loan Collection Home library Current library Date acquired Total checkouts Total renewals Full call number Barcode Date due Date last seen Date last checked out Price effective from Koha item type
        Humanities & Basic Sciences UITU Library UITU Library 06/13/2025 2 1 512.5 LEO Q15929 05/07/2026 10/29/2025 10/29/2025 09/16/2025 Books

Powered by Koha